[Event "Navarra-ch"]
[Site "Pamplona"]
[Date "2017.04.01"]
[Round "3"]
[White "Sancinena Arpide, Juan"]
[Black "Hernandez Barricarte, Miguel Angel"]
[Result "0-1"]
[WhiteElo "1663"]
[BlackElo "1913"]
[PlyCount "110"]
[EventDate "2017.03.11"]
[EventType "swiss"]
[EventRounds "7"]
[EventCountry "ESP"]
[SourceTitle "EXT 2018"]
[Source "ChessBase"]
[SourceDate "2017.10.13"]
[SourceVersion "1"]
[SourceVersionDate "2017.10.13"]
[SourceQuality "1"]

1. e4 e6 2. d4 d5 3. Nc3 Nf6 4. Bg5 Be7 5. e5 Nfd7 6. Bxe7 Qxe7 7. f4 a6 8. Nf3 c5 9. Ne2 cxd4 10. Nexd4 Qb4+ 11. Qd2 Qxb2 12. Nb3 Nc6 13. Bd3 Qa3 14. 0-0 Nc5 15. Qf2 Nxd3 16. cxd3 Qe7 17. Qb6 Qb4 18. Qe3 0-0 19. Rab1 Qe7 20. Qb6 Qd8 21. Qe3 b6 22. Rfc1 Bd7 23. Nbd4 Nxd4 24. Nxd4 b5 25. Nc6 Bxc6 26. Rxc6 Qa5 27. Qf2 Qa3 28. Qc2 g6 29. Rb3 Qa4 30. Qf2 Rfc8 31. Rbc3 Rxc6 32. Rxc6 Qd1+ 33. Qf1 Qd2 34. Qc1 Qxd3 35. g3 b4 36. Rc8+ Rxc8 37. Qxc8+ Kg7 38. Qd8 Qf5 39. Qa5 Qb1+ 40. Kg2 Qe4+ 41. Kh3 g5 42. Qxa6 gxf4 43. gxf4 Qxf4 44. Qe2 Kg6 45. Qb2 h5 46. Kg2 Kf5 47. Kg1 h4 48. a4 bxa3 49. Qxa3 Kxe5 50. Qb3 Qd4+ 51. Kg2 Qe4+ 52. Kg1 f6 53. Kf2 d4 54. Qb8+ Kf5 55. Qb5+ Kf4 0-1

[Event "Navarra-ch"]
[Site "Pamplona"]
[Date "2017.03.25"]
[Round "2"]
[White "Hernandez Barricarte, Miguel Angel"]
[Black "Zaratiegui Cardesa, Jose"]
[Result "1-0"]
[WhiteElo "1913"]
[BlackElo "1694"]
[PlyCount "125"]
[EventDate "2017.03.11"]
[EventType "swiss"]
[EventRounds "7"]
[EventCountry "ESP"]
[SourceTitle "EXT 2018"]
[Source "ChessBase"]
[SourceDate "2017.10.13"]
[SourceVersion "1"]
[SourceVersionDate "2017.10.13"]
[SourceQuality "1"]

1. Nf3 Nf6 2. c4 g6 3. Nc3 Bg7 4. e4 d6 5. h3 c5 6. Be2 0-0 7. 0-0 Nc6 8. d3 a6 9. Bg5 Be6 10. Qd2 Nd4 11. Nxd4 cxd4 12. Nb1 Rc8 13. Na3 Bd7 14. Nc2 e5 15. Bh6 Nh5 16. Bxh5 gxh5 17. Bxg7 Kxg7 18. f4 f5 19. Qe2 fxe4 20. dxe4 Qh4 21. f5 Bc6 22. Rae1 Kh8 23. Nb4 Rg8 24. Rf3 Rc7 25. Qf2 Qf6 26. Kh2 Rcg7 27. g3 h4 28. g4 h5 29. Nxc6 hxg4 30. hxg4 bxc6 31. Rg1 Rxg4 32. Rxg4 Rxg4 33. Rb3 Qg5 34. Rb8+ Kh7 35. Rb7+ Kh6 36. Rd7 Qf4+ 37. Qxf4+ Rxf4 38. Rxd6+ Kh5 39. Rxc6 Rxe4 40. Rd6 Kg4 41. f6 Re2+ 42. Kg1 Kg3 43. Kf1 Rf2+ 44. Ke1 h3 45. f7 Rxf7 46. Rg6+ Kf3 47. Rh6 Kg2 48. Rg6+ Kh1 49. Rg5 e4 50. Rg4 Re7 51. c5 d3 52. c6 e3 53. Rd4 d2+ 54. Ke2 Rc7 55. Rd6 Kh2 56. Rg6 Rf7 57. Rd6 Rf2+ 58. Kxe3 Kg1 59. c7 h2 60. c8Q h1Q 61. Qg4+ Kf1 62. Qd1+ Kg2 63. Rg6+ 1-0

[Event "Navarra-ch"]
[Site "Pamplona"]
[Date "2014.05.03"]
[Round "4"]
[White "Hernandez Barricarte, Miguel Angel"]
[Black "Urriza Iricibar, Pablo"]
[Result "1/2-1/2"]
[WhiteElo "1872"]
[BlackElo "2127"]
[PlyCount "89"]
[EventDate "2014.03.29"]
[EventType "swiss"]
[EventRounds "8"]
[EventCountry "ESP"]
[SourceTitle "EXT 2016"]
[Source "ChessBase"]
[SourceDate "2015.10.08"]
[SourceVersion "1"]
[SourceVersionDate "2015.10.08"]
[SourceQuality "1"]

1. d4 c5 2. d5 Nf6 3. Nc3 d6 4. e4 g6 5. Bb5+ Bd7 6. a4 Bg7 7. Nf3 0-0 8. h3 b6 9. 0-0 a6 10. Bd3 Ne8 11. Bf4 e5 12. dxe6 fxe6 13. Qd2 Nc6 14. Bh6 Qe7 15. Bxg7 Nxg7 16. Qe3 Qf6 17. Qg5 Qf7 18. Bc4 Na5 19. Be2 Bc6 20. Rad1 Rfd8 21. Rd2 Qf8 22. Rfd1 e5 23. Qh6 Ne6 24. Qxf8+ Kxf8 25. Rxd6 Nd4 26. Rxd8+ Rxd8 27. Bxa6 Nxf3+ 28. gxf3 Rxd1+ 29. Nxd1 Bxa4 30. b3 Bd7 31. Kg2 Be6 32. Ne3 Nc6 33. Bc4 Ke7 34. Bxe6 Kxe6 35. c3 b5 36. Nd5 Kd6 37. Kg3 b4 38. cxb4 cxb4 39. f4 Kc5 40. fxe5 Nxe5 41. f4 Nc6 42. Nc7 Nd4 43. e5 Kc6 44. Na6 Kb5 45. Nc7+ 1/2-1/2